UBT Library

Life in organizations : (Record no. 41863)

000 -LEADER
fixed length control field 00646cam a2200229 i 4500
001 - CONTROL NUMBER
control field 4139420
005 - DATE AND TIME OF LATEST TRANSACTION
control field 20180206035108.0
008 - FIXED-LENGTH DATA ELEMENTS--GENERAL INFORMATION
fixed length control field 781024s1979 nyu b 001 0 eng
010 ## - LIBRARY OF CONGRESS CONTROL NUMBER
LC control number 77020413
020 ## - INTERNATIONAL STANDARD BOOK NUMBER
Cancelled/invalid ISBN 0465040493
020 ## - INTERNATIONAL STANDARD BOOK NUMBER
International Standard Book Number 0465040411 (pbk.)
040 ## - CATALOGING SOURCE
Original cataloging agency DLC
Transcribing agency DLC
Modifying agency DLC
041 ## - LANGUAGE CODE
Language code of text/sound track or separate title eng
080 ## - UNIVERSAL DECIMAL CLASSIFICATION NUMBER
Universal Decimal Classification number 301.1832
082 00 - DEWEY DECIMAL CLASSIFICATION NUMBER
Classification number 301.1832 KAN
100 ## - Rafti
Rafti 54
101 ## - Shkurtesa
Shkurtesa MNG
245 00 - TITLE STATEMENT
Title Life in organizations :
Statement of responsibility, etc Rosabeth Moss Kanter and Barry A. Stein, editors.
504 ## - BIBLIOGRAPHY, ETC. NOTE
Bibliography, etc Bibliography: p. [429]-431.
906 ## - LOCAL DATA ELEMENT F, LDF (RLIN)
a 7
b cbc
c orignew
d 1
e ocip
f 19
g y-gencatlg
942 ## - ADDED ENTRY ELEMENTS (KOHA)
Source of classification or shelving scheme
Item type Books
Holdings
Withdrawn status Lost status Source of classification or shelving scheme Damaged status Not for loan Collection code Permanent location Current location Shelving location Date acquired Total Checkouts Full call number Barcode Date last seen Price effective from Koha item type
          Koleksioni i përgjithshem UBT - Lipjan UBT - Lipjan Koleksioni i përgjithshem 02/06/2018   301.1832 KAN 002-2999094 02/06/2018 02/06/2018 Books
UBT Library © 2015-2024. All rights reserved University Education for Business and Technology